Sources for the history of Cyprus

Αποθηκεύτηκε σε:
Λεπτομέρειες βιβλιογραφικής εγγραφής
Άλλοι συγγραφείς: Wallage, Paul (Επιμελητής έκδοσης), Ορφανίδης, Αντρέας (Επιμελητής έκδοσης)
Μορφή: Βιβλίο
Γλώσσα:Greek
Δημοσίευση: Albany, New York : Nicosia : Institute of Cypriot Studies, University at Albany, State University of New York ;, Cyprus College, 1990
Θέματα:
Ετικέτες: Προσθήκη ετικέτας
Δεν υπάρχουν, Καταχωρήστε ετικέτα πρώτοι!

MARC

LEADER 00000nam a2200000 i 4500
001 1/11082
008 000908m19909999 gre d
020 |a 9963-7562-1-2 
035 |l 10063697 
040 |a GR-MY-UA  |b gre  |e aacr 
041 0 |a gre 
082 0 |a 956.93 
245 1 0 |a Sources for the history of Cyprus /  |c edited by Paul W. Wallage and Andreas G. Orphanides 
260 |a Albany, New York :   |a Nicosia :   |b Institute of Cypriot Studies, University at Albany, State University of New York ;,   |b Cyprus College,   |c 1990 
505 0 |a v.1. Greek and latin texts to the third century A.D. 
651 0 |a Cyprus  |x History  |x Sources. 
700 1 |a Wallage, Paul.  |4 edt 
700 1 |a Ορφανίδης, Αντρέας.  |4 edt 
740 0 2 |a Greek and latin texts to the third century A.D. 
852 |a INST  |b RHODES  |e 20000908  |h 956.93 SOU  |p 005400000299  |q 005400000299  |t BK  |y 0  |z v.1 
852 |a INST  |b RHODES  |e 20000908  |h 956.93 SOU  |p 005400000299  |q 005400000299  |t BK  |v v.1:  |y 0  |z v.1 
853 |a INST  |b RHODES  |h 956.93 SOU 
909 |a Ρ  |b 022270 
922 |a 4ΔΩΡ  |b 199210 
970 |z 2000/09/ΧΡΥΣΑΝΘΗ